| 000 | 01141nam a2200289 i 4500 | ||
|---|---|---|---|
| 001 | 177875 | ||
| 003 | ES-MaACL | ||
| 005 | 20251220171940.0 | ||
| 008 | 110504s1959 mx |||| |dspa d | ||
| 080 | _a902/903 Childe, V. Gordon | ||
| 080 | _a572 | ||
| 245 | 0 | 0 |
_aHomenaje a V. Gordon Childe / _c[V. Gordon Childe, Pedro Bosch-Gimpera, Eli de Gortari ... et al.]. |
| 260 |
_aMéxico : _bUniversidad Nacional de México, _c1959. |
||
| 300 |
_ap. 297-351 ; _c21 cm. |
||
| 490 | 1 |
_aSeminario de Problemas Científicos y Filosóficos. Suplementos ; _v2ª serie ; _v17 |
|
| 504 | _aBibliografía: p. 343-351. | ||
| 600 | 1 | 4 |
_aChilde, V. Gordon. _938514 |
| 650 | 7 |
_aArqueología _2embne _99975 |
|
| 650 | 7 |
_aAntropología cultural y social _2embne _99867 |
|
| 700 | 1 |
_aChilde, V. Gordon. _938514 |
|
| 700 | 1 |
_aBosch Gimpera, Pedro. _930657 |
|
| 700 | 1 |
_aGortari, Eli de. _959231 |
|
| 710 | 2 |
_aUniversidad Nacional Autónoma de México. _97397 |
|
| 830 | 0 |
_aSeminario de Problemas Científicos y Filosóficos. Suplementos _v2ª serie ; _v17 _9190619 |
|
| 852 |
_aES-MaACL _j2297-F-24 _xOlim P-902 |
||
| 999 |
_c177875 _d177875 |
||